| 000 | 00402nam a22001697a 4500 | ||
|---|---|---|---|
| 003 | SGT | ||
| 020 | _a8123905149 | ||
| 082 |
_a615.190 _bP07B |
||
| 100 | _aBECKETT,A.H,ed. | ||
| 245 | _aPRACTICAL PHARMACEUTICAL CHEMISTRY | ||
| 250 | _a4TH | ||
| 260 |
_aNEW DELHI _bCBS PUBLICATION _c2007 |
||
| 300 | _a602 | ||
| 650 | _aCHEMISTRY | ||
| 653 | _aPRACTICAL, PHARMACEUTICS, CHEMISTRY | ||
| 942 |
_2ddc _cBK |
||
| 999 |
_c26408 _d26408 |
||